| 000 | 00675nam a2200241Ia 4500 | ||
|---|---|---|---|
| 003 | OSt | ||
| 005 | 20220926024755.0 | ||
| 006 | a|||||r|||| 00| 0 | ||
| 007 | ta | ||
| 008 | 220923b |||||||| |||| 00| 0 eng d | ||
| 037 | _cGeneral Book | ||
| 040 |
_aRTL _cRTL _beng |
||
| 041 |
_2eng _aeng |
||
| 082 | _aX61, M8 | ||
| 100 | _aKohn Meir | ||
| 245 | 0 | _aFinance onstraints, expectations and macroeconomics | |
| 260 |
_aOxford _bClarendon Press _c1988 |
||
| 300 |
_av,270p _ccm. |
||
| 650 |
_aEconomics-Money _928470 |
||
| 700 |
_a Tsiang Sho-Chieh _9331421 |
||
| 942 |
_hX61, M8 _cGB _2CC |
||
| 999 |
_c645426 _d645426 |
||